Rada vzájomnej hospodárskej pomoci súčasnosť a perspektívy
Enregistré dans:
| Auteur principal: | |
|---|---|
| Autres auteurs: | , |
| Format: | Livre |
| Langue: | slovaque |
| Publié: |
Bratislava
Práca
1989
|
| Sujets: | |
| Tags: |
Pas de tags, Soyez le premier à ajouter un tag!
|
MARC
| LEADER | 00000nam a2200000 4500 | ||
|---|---|---|---|
| 001 | c040208 | ||
| 005 | 20260325070425.2 | ||
| 041 | 0 | |a slo | |
| 044 | |a SK | ||
| 245 | 1 | 0 | |a Rada vzájomnej hospodárskej pomoci |b súčasnosť a perspektívy |c Jozef Černý, Edmund Fifek, Dušan Harvan |
| 264 | 1 | |a Bratislava |b Práca |c 1989 | |
| 300 | |a 177 s. | ||
| 610 | 2 | 0 | |a RVHP |
| 100 | 1 | |a Černý, Jozef | |
| 700 | 1 | |a Fifek, Edmund | |
| 700 | 1 | |a Harvan, Dušan | |